Most Watched Sporting Events in the World - Statistics

General Stats
  • This quiz has been taken 125 times
  • The average score is 9 of 15
Answer Stats
Viewers Sport Event % Correct
124 million American Football Super Bowl
90%
3.5 billion Cycling Tour de France
86%
17.8 million Basketball NBA Finals
85%
5 billion Football (Soccer) FIFA World Cup
81%
2 billion Multi-sport Summer Olympic Games
79%
2 billion Multi-sport Winter Olympic Games
79%
450 million Football (Soccer) UEFA Champions League Final
68%
25.6 million Tennis Wimbledon
68%
14.7 million Baseball MLB World Series
60%
2.6 billion Cricket Cricket World Cup
48%
15 million Golf The Masters
47%
17 million Rugby Rugby World Cup
42%
15 million Horse Racing Kentucky Derby
30%
2 billion* Football (Soccer) Women's Football World Cup
18%
14.7 million Basketball NCAA Final
15%
No matching quizzes found
Score Distribution
Percent of People with Each Score
Percentile by Number Answered
Your Score History
You have not taken this quiz